[Event "Titled Tuesday intern op 24th Oct Late"]
[Site "Chess.com INT"]
[Date "2023.10.24"]
[Round "5"]
[White "Al Tarbosh, Ward"]
[Black "Pinto, Daniel"]
[Result "1/2-1/2"]
[WhiteElo "2280"]
[BlackElo "2250"]
[PlyCount "101"]
[EventDate "2023.10.24"]
[EventType "swiss (blitz)"]
[EventRounds "11"]
[EventCountry "USA"]
[SourceTitle "Mega2024 Update 01"]
[Source "Chessbase"]
[SourceDate "2023.11.12"]
[SourceVersion "1"]
[SourceVersionDate "2023.11.12"]
[SourceQuality "1"]

1. e4 e5 2. Nf3 Nc6 3. Bb5 Nf6 4. 0-0 Nxe4 5. d4 Nd6 6. Bxc6 dxc6 7. dxe5 Nf5 8. Qxd8+ Kxd8 9. Nc3 h5 10. Bg5+ Ke8 11. Rad1 Be6 12. Rd2 Be7 13. Bxe7 Kxe7 14. Ng5 Rad8 15. Rfd1 Rxd2 16. Rxd2 f6 17. exf6+ gxf6 18. Nxe6 Kxe6 19. g3 Re8 20. Ne4 Kf7 21. Rd7+ Re7 22. Rxe7+ Kxe7 23. Nc5 b6 24. Nd3 Kd6 25. h4 Nd4 26. c3 Ne6 27. Kg2 f5 28. Kf3 c5 29. Nf4 Ng7 30. Ke3 b5 31. Nd3 Ne6 32. b3 a5 33. a4 c4 34. bxc4 bxa4 35. Kd2 Nc5 36. Nf4 Ne4+ 37. Kc2 Nxf2 38. Nxh5 Ne4 39. Kb2 Kc5 40. Ng7 Nxg3 41. h5 Nxh5 42. Nxh5 Kxc4 43. Nf4 a3+ 44. Kxa3 Kxc3 45. Nd5+ Kc4 46. Ne3+ Kd3 47. Nxf5 c5 48. Nd6 c4 49. Nxc4 Kxc4 50. Ka4 Kc3 51. Kxa5 1/2-1/2

[Event "Titled Tuesday intern op 24th Oct Late"]
[Site "Chess.com INT"]
[Date "2023.10.24"]
[Round "1"]
[White "Pinto, Daniel"]
[Black "Maerevoet, Sim"]
[Result "0-1"]
[WhiteElo "2250"]
[BlackElo "2439"]
[PlyCount "94"]
[EventDate "2023.10.24"]
[EventType "swiss (blitz)"]
[EventRounds "11"]
[EventCountry "USA"]
[SourceTitle "Mega2024 Update 01"]
[Source "Chessbase"]
[SourceDate "2023.11.12"]
[SourceVersion "1"]
[SourceVersionDate "2023.11.12"]
[SourceQuality "1"]

1. e4 c5 2. Nf3 e6 3. c3 d5 4. e5 d4 5. d3 Bd7 6. g3 Bc6 7. Bg2 Nd7 8. 0-0 Ne7 9. cxd4 cxd4 10. Nbd2 Nf5 11. Re1 Be7 12. a3 h5 13. h4 Nc5 14. Ne4 Nxe4 15. dxe4 Nh6 16. Nxd4 Ng4 17. b4 Nxe5 18. Bb2 Nc4 19. Bc3 Rc8 20. Qe2 Bd7 21. Nf3 0-0 22. Red1 Qc7 23. Rac1 Bb5 24. Qa2 Rfd8 25. Re1 Nb6 26. Bb2 Bc4 27. Qa1 Bf8 28. Be5 Qe7 29. Bd4 f6 30. Bc5 Qe8 31. Nd4 Bxc5 32. bxc5 Rxc5 33. Bf1 Rdc8 34. Bxc4 Rxc4 35. Rxc4 Rxc4 36. Ne2 e5 37. Nc1 Qc6 38. f3 Rc2 39. Nd3 Qc4 40. Nb4 Qc5+ 41. Kh1 Rc3 42. Qd1 Qf2 43. Qd8+ Kh7 44. Rd1 Qxf3+ 45. Kg1 Qxg3+ 46. Kh1 Qh3+ 47. Kg1 Rg3+ 0-1

[Event "Titled Tuesday intern op 26th Sep Late"]
[Site "Chess.com INT"]
[Date "2023.09.26"]
[Round "1"]
[White "Dourerassou, Jonathan"]
[Black "Pinto, Daniel"]
[Result "0-1"]
[WhiteElo "2415"]
[BlackElo "2274"]
[PlyCount "162"]
[EventDate "2023.09.26"]
[EventType "swiss (blitz)"]
[EventRounds "11"]
[EventCountry "USA"]
[SourceTitle "EXT 2024"]
[Source "ChessBase"]
[SourceDate "2023.10.10"]
[SourceVersion "1"]
[SourceVersionDate "2023.10.10"]
[SourceQuality "1"]

1. d4 Nf6 2. Bg5 e6 3. e4 h6 4. Bxf6 Qxf6 5. Nf3 c5 6. Nc3 cxd4 7. Nxd4 Bc5 8. Nf3 Nc6 9. Bd3 0-0 10. 0-0 a6 11. a3 d6 12. Qe2 Ne5 13. Nxe5 dxe5 14. Rad1 Rd8 15. Bc4 Bd7 16. Rd3 Bc6 17. Rfd1 b5 18. Bb3 Rxd3 19. Rxd3 Rd8 20. Rf3 Qg5 21. Qe1 Qd2 22. Qxd2 Rxd2 23. Kf1 Rd4 24. Rd3 Kf8 25. f3 Ke7 26. Ne2 Rxd3 27. cxd3 Be3 28. Ke1 Kd6 29. Ba2 a5 30. b4 a4 31. Kd1 g6 32. g3 f5 33. Kc2 Bd4 34. Kc1 g5 35. Kc2 g4 36. Nxd4 exd4 37. fxg4 fxe4 38. dxe4 Bxe4+ 39. Kd2 Bf3 40. Bb1 Bxg4 41. Bd3 Kc6 42. Be4+ Kd6 43. Bd3 Kc6 44. Bg6 e5 45. Be8+ Bd7 46. Bg6 Kd5 47. Bf7+ Ke4 48. h4 Kf3 49. g4 Kxg4 50. Kd3 Bf5+ 51. Kd2 Bd7 52. Kd3 Kf4 53. Bd5 Bf5+ 54. Kd2 Bd7 55. Kd3 Bf5+ 56. Kd2 e4 57. Bc6 e3+ 58. Ke1 d3 59. Bxb5 d2+ 60. Kd1 Bg4+ 61. Be2 Be6 62. Kc2 Bb3+ 63. Kd3 d1Q+ 64. Bxd1 Bxd1 65. b5 Bf3 66. b6 Bb7 67. Ke2 Ke4 68. h5 Ba6+ 69. Ke1 Kf3 70. Kd1 Bb7 71. Ke1 e2 72. Kd2 Kf2 73. Kc3 e1Q+ 74. Kc4 Qe6+ 75. Kb5 Qc6+ 76. Ka5 Qc5+ 77. Kxa4 Bc6+ 78. Kb3 Qxb6+ 79. Ka2 Bd5+ 80. Ka1 Qb3 81. a4 Qa2# 0-1

[Event "Titled Tuesday intern op 26th Sep Late"]
[Site "Chess.com INT"]
[Date "2023.09.26"]
[Round "5"]
[White "Pinto, Daniel"]
[Black "Barwinska, Ewa"]
[Result "1-0"]
[WhiteElo "2274"]
[BlackElo "2030"]
[PlyCount "61"]
[EventDate "2023.09.26"]
[EventType "swiss (blitz)"]
[EventRounds "11"]
[EventCountry "USA"]
[SourceTitle "EXT 2024"]
[Source "ChessBase"]
[SourceDate "2023.10.10"]
[SourceVersion "1"]
[SourceVersionDate "2023.10.10"]
[SourceQuality "1"]

1. e4 c5 2. Nf3 d6 3. c3 Nf6 4. Be2 e6 5. 0-0 Be7 6. Re1 0-0 7. Bf1 Nc6 8. d4 cxd4 9. cxd4 d5 10. e5 Ne4 11. Nbd2 f5 12. exf6 Nxf6 13. Bd3 Qd6 14. Nf1 Nd7 15. Qe2 Bf6 16. Be3 e5 17. dxe5 Ndxe5 18. Rad1 Bg4 19. N1d2 Nxf3+ 20. Nxf3 Ne5 21. Be4 Nxf3+ 22. Bxf3 Bxf3 23. Qxf3 d4 24. Qxb7 Qc5 25. Bf4 a5 26. Rc1 Qf5 27. Bg3 Bg5 28. Rc7 Bf6 29. Qb3+ Kh8 30. Rb7 d3 31. Rb5 1-0

[Event "Titled Tuesday intern op 26th Sep Late"]
[Site "Chess.com INT"]
[Date "2023.09.26"]
[Round "7"]
[White "Pinto, Daniel"]
[Black "Matute Escobar, Roxanny"]
[Result "1-0"]
[WhiteElo "2274"]
[BlackElo "1975"]
[PlyCount "63"]
[EventDate "2023.09.26"]
[EventType "swiss (blitz)"]
[EventRounds "11"]
[EventCountry "USA"]
[SourceTitle "EXT 2024"]
[Source "ChessBase"]
[SourceDate "2023.10.10"]
[SourceVersion "1"]
[SourceVersionDate "2023.10.10"]
[SourceQuality "1"]

1. e4 c5 2. Nf3 d6 3. c3 Nf6 4. Be2 g6 5. 0-0 Bg7 6. Bb5+ Nbd7 7. Re1 0-0 8. d4 a6 9. Bf1 cxd4 10. cxd4 b5 11. a4 b4 12. a5 Bb7 13. Nbd2 Rc8 14. Qb3 Rb8 15. Bd3 Qc7 16. Qc4 Qxc4 17. Nxc4 d5 18. exd5 Nxd5 19. Bd2 e6 20. Rac1 Rfd8 21. Bg5 N7f6 22. Nfd2 h6 23. Be3 Ng4 24. Nb3 Ndxe3 25. fxe3 e5 26. h3 Nf6 27. Nxe5 Nd5 28. Nc5 Bxe5 29. dxe5 Bc6 30. Nxa6 Rbc8 31. Bf1 Bb5 32. Bxb5 1-0

[Event "ESP-chT Rapid"]
[Site "Ubeda"]
[Date "2023.09.23"]
[Round "2.7"]
[White "Pinto, Daniel"]
[Black "Rey Martinez, Jaime"]
[Result "1-0"]
[WhiteElo "2274"]
[BlackElo "2328"]
[PlyCount "55"]
[EventDate "2023.09.23"]
[EventType "team-swiss (rapid)"]
[EventRounds "9"]
[EventCountry "ESP"]
[SourceTitle "EXT 2024"]
[Source "ChessBase"]
[SourceDate "2023.10.10"]
[SourceVersion "1"]
[SourceVersionDate "2023.10.10"]
[SourceQuality "1"]
[WhiteTeam "Mikel Gurea"]
[BlackTeam "Alcorcon Diagonal"]
[WhiteTeamCountry "ESP"]
[BlackTeamCountry "ESP"]

1. e4 c5 2. Nf3 a6 3. c3 d5 4. exd5 Qxd5 5. d4 Nf6 6. Be2 cxd4 7. cxd4 e6 8. Nc3 Qd6 9. 0-0 Be7 10. Ne5 Nc6 11. Nxc6 Qxc6 12. Bf4 0-0 13. Rc1 Bd7 14. Qb3 Bd8 15. Bf3 Qb6 16. Bxb7 Ra7 17. Bf3 Qxb3 18. axb3 Bc7 19. Be3 a5 20. d5 Ra6 21. Na4 Bd6 22. Be2 Raa8 23. Nb6 Rae8 24. Nxd7 Nxd7 25. Bb5 Re7 26. dxe6 fxe6 27. Rfd1 Rb8 28. Ba4 1-0

[Event "Titled Tuesday intern op 05th Sep Early"]
[Site "Chess.com INT"]
[Date "2023.09.05"]
[Round "4"]
[White "Pinto, Daniel"]
[Black "Slavin, Alexei"]
[Result "1-0"]
[WhiteElo "2274"]
[BlackElo "2364"]
[PlyCount "139"]
[EventDate "2023.09.05"]
[EventType "swiss (blitz)"]
[EventRounds "11"]
[EventCountry "USA"]
[SourceTitle "EXT 2024"]
[Source "ChessBase"]
[SourceDate "2023.10.10"]
[SourceVersion "1"]
[SourceVersionDate "2023.10.10"]
[SourceQuality "1"]

1. e4 Nc6 2. Nc3 Nf6 3. Nf3 d6 4. d4 Bg4 5. Be2 e5 6. d5 Ne7 7. 0-0 Ng6 8. h3 Bd7 9. a4 a6 10. b4 Be7 11. a5 0-0 12. Bd3 h6 13. Ne2 Nh5 14. Kh2 Nhf4 15. Nxf4 exf4 16. Bb2 Bf6 17. Qc1 Ne5 18. Nxe5 Bxe5 19. Bxe5 dxe5 20. g3 g5 21. Rg1 Kh7 22. Qd1 Qf6 23. Qe2 Rg8 24. g4 Rh8 25. f3 Kg6 26. Kg2 h5 27. Rh1 hxg4 28. hxg4 Qd6 29. c3 f6 30. Qb2 b5 31. axb6 Qxb6 32. Qf2 Rxh1 33. Rxh1 a5 34. Ra1 a4 35. Qxb6 cxb6 36. c4 Kf7 37. Ra3 Ke7 38. Kf2 Kd6 39. Kg2 Rh8 40. Bc2 Ra8 41. Ra2 b5 42. c5+ Kc7 43. Ra3 Be8 44. Bd3 Kb7 45. c6+ Kb6 46. Be2 Rc8 47. Kf2 Bxc6 48. dxc6 Rxc6 49. Rd3 Kc7 50. Rd5 Rc2 51. Rxb5 a3 52. Ra5 a2 53. Ke1 Kb6 54. Kd1 Rb2 55. Bd3 Rb3 56. Kc2 Rxb4 57. Rxa2 Rd4 58. Rb2+ Kc7 59. Rb3 Kd6 60. Rc3 Ke7 61. Rc4 Rd8 62. Rc7+ Kd6 63. Rf7 Rc8+ 64. Kb3 Ke6 65. Bc4+ Rxc4 66. Rxf6+ Kxf6 67. Kxc4 Ke6 68. Kc5 Ke7 69. Kd5 Kf6 70. Kd6 1-0

[Event "Titled Tuesday intern op 29th Aug Early"]
[Site "Chess.com INT"]
[Date "2023.08.29"]
[Round "4"]
[White "Diaz Perez, Michel Alejandro"]
[Black "Pinto, Daniel"]
[Result "1-0"]
[WhiteElo "2473"]
[BlackElo "2274"]
[PlyCount "61"]
[EventDate "2023.08.29"]
[EventType "swiss (blitz)"]
[EventRounds "11"]
[EventCountry "USA"]
[SourceTitle "EXT 2024"]
[Source "ChessBase"]
[SourceDate "2023.10.10"]
[SourceVersion "1"]
[SourceVersionDate "2023.10.10"]
[SourceQuality "1"]

1. e4 c5 2. Nf3 Nc6 3. Bb5 g6 4. 0-0 Bg7 5. c3 Nf6 6. d4 cxd4 7. cxd4 d5 8. e5 Nd7 9. Nc3 Nb6 10. Bg5 h6 11. Be3 0-0 12. Rc1 Bd7 13. Qd2 Kh7 14. b3 Rc8 15. Ne1 f6 16. Bxc6 Rxc6 17. Nd3 Bf5 18. f4 fxe5 19. fxe5 g5 20. Nc5 Qb8 21. Rxf5 Rxf5 22. Qd3 Qf8 23. Rf1 e6 24. Nxe6 Rxe6 25. Rxf5 Rg6 26. Rxf8 Bxf8 27. Qf5 Kg7 28. a4 Bb4 29. Nb5 Rc6 30. h4 gxh4 31. e6 1-0

[Event "Titled Tuesday intern op 29th Aug Early"]
[Site "Chess.com INT"]
[Date "2023.08.29"]
[Round "2"]
[White "Koellner, Aaron Noah"]
[Black "Pinto, Daniel"]
[Result "0-1"]
[WhiteElo "2201"]
[BlackElo "2274"]
[PlyCount "108"]
[EventDate "2023.08.29"]
[EventType "swiss (blitz)"]
[EventRounds "11"]
[EventCountry "USA"]
[SourceTitle "EXT 2024"]
[Source "ChessBase"]
[SourceDate "2023.10.10"]
[SourceVersion "1"]
[SourceVersionDate "2023.10.10"]
[SourceQuality "1"]

1. d4 Nf6 2. Nf3 c5 3. e3 g6 4. Nbd2 Bg7 5. c3 0-0 6. dxc5 Qc7 7. b4 a5 8. Bb2 Nc6 9. a3 b6 10. cxb6 Qxb6 11. Bc4 d5 12. Be2 Ne4 13. Nxe4 dxe4 14. Nd4 Bb7 15. 0-0 Ne5 16. Qb3 a4 17. Qc2 Rfc8 18. c4 Nxc4 19. Bxc4 Bd5 20. Rac1 Rxc4 21. Qd2 Rac8 22. Rxc4 Rxc4 23. Rc1 h5 24. Rxc4 Bxc4 25. h3 Bd5 26. Qc2 Qa6 27. Qc5 e6 28. b5 Qb7 29. Bc3 Kh7 30. Bb4 h4 31. Qe7 Bxd4 32. Qxh4+ Kg7 33. exd4 Qxb5 34. Bd6 f6 35. Be7 g5 36. Qh5 Qd7 37. Bc5 Qf7 38. Qe2 Qd7 39. Qa6 Bb3 40. Qb6 f5 41. Qb4 Kg6 42. Qc3 f4 43. Qb4 Qd5 44. Qb8 Qd7 45. Qg8+ Qg7 46. Qe8+ Qf7 47. Qc6 e3 48. fxe3 fxe3 49. Qe4+ Qf5 50. Qxe3 Qb1+ 51. Kh2 Qf5 52. g3 Bd5 53. Qe5 Qc2+ 54. Kg1 Qg2# 0-1

[Event "Titled Tuesday intern op 22nd Aug Late"]
[Site "Chess.com INT"]
[Date "2023.08.22"]
[Round "9"]
[White "Kim, Sergey2222"]
[Black "Pinto, Daniel"]
[Result "1-0"]
[WhiteElo "2295"]
[BlackElo "2274"]
[PlyCount "69"]
[EventDate "2023.08.22"]
[EventType "swiss (blitz)"]
[EventRounds "11"]
[EventCountry "USA"]
[SourceTitle "EXT 2024"]
[Source "ChessBase"]
[SourceDate "2023.10.10"]
[SourceVersion "1"]
[SourceVersionDate "2023.10.10"]
[SourceQuality "1"]

1. d4 Nf6 2. c4 c5 3. d5 d6 4. Nc3 g6 5. e4 Bg7 6. Nge2 0-0 7. Ng3 e6 8. Be2 exd5 9. cxd5 b6 10. 0-0 Ba6 11. Bf4 Re8 12. Re1 Qd7 13. Qd2 b5 14. a3 Ng4 15. h3 Ne5 16. Bh6 Bxh6 17. Qxh6 f6 18. Qd2 Nc4 19. Bxc4 bxc4 20. f4 Qg7 21. e5 fxe5 22. f5 Rf8 23. Rf1 Nd7 24. Qe2 Nf6 25. b3 Rab8 26. bxc4 Rb3 27. Rf3 Rxc3 28. Rxc3 Nxd5 29. Rf3 Nf4 30. Qe4 Bb7 31. Qe3 Bxf3 32. Qxf3 gxf5 33. Rb1 Qxg3 34. Qxg3+ Kh8 35. Qh4 1-0

[Event "Titled Tuesday intern op 22nd Aug Late"]
[Site "Chess.com INT"]
[Date "2023.08.22"]
[Round "4"]
[White "Pinto, Daniel"]
[Black "Rodriguez Santiago, Jaime"]
[Result "1-0"]
[WhiteElo "2274"]
[BlackElo "2020"]
[PlyCount "131"]
[EventDate "2023.08.22"]
[EventType "swiss (blitz)"]
[EventRounds "11"]
[EventCountry "USA"]
[SourceTitle "EXT 2024"]
[Source "ChessBase"]
[SourceDate "2023.10.10"]
[SourceVersion "1"]
[SourceVersionDate "2023.10.10"]
[SourceQuality "1"]

1. e4 c6 2. Nf3 d5 3. Nc3 dxe4 4. Nxe4 Nf6 5. Nxf6+ exf6 6. d4 Bd6 7. Bd3 0-0 8. 0-0 Re8 9. h3 Nd7 10. c3 Nf8 11. Be3 Be6 12. Qd2 Qd7 13. Bf4 Rad8 14. b4 Bd5 15. Nh4 Bxf4 16. Qxf4 g5 17. Qg3 Kh8 18. Nf5 Ng6 19. Ne3 Nf4 20. Nxd5 Qxd5 21. Rfe1 Rxe1+ 22. Rxe1 Qxa2 23. Qf3 Qd5 24. Be4 Qd6 25. g3 Ng6 26. Bc2 Kg7 27. Bb3 Rd7 28. Ra1 a6 29. Kf1 h6 30. Qd3 Re7 31. Qc4 Qd7 32. Kg2 Qf5 33. Re1 Qd7 34. Re3 Rxe3 35. fxe3 h5 36. Qe2 h4 37. g4 Qe7 38. Qc4 Nf8 39. Kf3 Ne6 40. Qd3 Nc7 41. Qf5 Ne8 42. Bc2 Qe6 43. Qh7+ Kf8 44. Qd3 Ke7 45. e4 Nd6 46. d5 cxd5 47. exd5 Qe5 48. c4 Qf4+ 49. Ke2 Qh2+ 50. Kd1 b6 51. Qe3+ Kd7 52. c5 bxc5 53. bxc5 Qh1+ 54. Ke2 Qg2+ 55. Qf2 Qxf2+ 56. Kxf2 Nc4 57. Ba4+ Kc7 58. d6+ Nxd6 59. cxd6+ Kxd6 60. Bb3 Kc5 61. Bxf7 a5 62. Ke3 Kb4 63. Ke4 a4 64. Kf5 Kc3 65. Kxf6 Kd3 66. Kxg5 1-0

[Event "Titled Tuesday intern op 22nd Aug Late"]
[Site "Chess.com INT"]
[Date "2023.08.22"]
[Round "10"]
[White "Pinto, Daniel"]
[Black "Tanenbaum, Zachary Chen"]
[Result "1-0"]
[WhiteElo "2274"]
[BlackElo "2279"]
[PlyCount "135"]
[EventDate "2023.08.22"]
[EventType "swiss (blitz)"]
[EventRounds "11"]
[EventCountry "USA"]
[SourceTitle "EXT 2024"]
[Source "ChessBase"]
[SourceDate "2023.10.10"]
[SourceVersion "1"]
[SourceVersionDate "2023.10.10"]
[SourceQuality "1"]

1. e4 e5 2. Nf3 Nc6 3. Bb5 a6 4. Ba4 d6 5. 0-0 Nf6 6. d3 b5 7. Bb3 Na5 8. d4 exd4 9. Qxd4 c5 10. Qe3 c4 11. e5 dxe5 12. Nxe5 Be6 13. Re1 Be7 14. Bd2 cxb3 15. axb3 Nb7 16. Nc6 Qc7 17. Nxe7 Qxe7 18. Qg3 0-0 19. Bg5 Nc5 20. Nd2 Kh8 21. b4 Ncd7 22. Qh4 Rfc8 23. c3 Nf8 24. Ne4 Ng6 25. Bxf6 gxf6 26. Qxf6+ Qxf6 27. Nxf6 Rd8 28. Ne4 Nf4 29. Nc5 Nd3 30. Nxe6 Nxe1 31. Nxd8 Nc2 32. Rd1 Kg7 33. Nb7 Re8 34. Kf1 Re6 35. Rc1 Rh6 36. h3 Rb6 37. Na5 Rd6 38. Rxc2 Rd1+ 39. Ke2 Rb1 40. Nb3 Rg1 41. g3 h5 42. Rc1 Rg2 43. Kf3 Rh2 44. h4 f5 45. Rf1 f4 46. Kxf4 Kf6 47. Nd4 Kg6 48. Nb3 Rg2 49. Kf3 Rh2 50. Nc5 Kf5 51. Nxa6 Ke5 52. Nc7 Kd6 53. Nxb5+ Kd5 54. b3 Ke5 55. Nd4 Kd5 56. Nc2 Ke5 57. Ne3 Kf6 58. Ke4 Kg6 59. c4 Kf6 60. b5 Ke6 61. c5 Kd7 62. Kd5 Kc7 63. b6+ Kb7 64. Kd6 Ka6 65. Kc7 Kb5 66. b7 Rxf2 67. b8Q+ Kxc5 68. Qb6# 1-0

[Event "Titled Tuesday intern op 08th Aug Late"]
[Site "Chess.com INT"]
[Date "2023.08.08"]
[Round "9"]
[White "Pinto, Daniel"]
[Black "Deng, Henry"]
[Result "1/2-1/2"]
[WhiteElo "2274"]
[BlackElo "2308"]
[PlyCount "130"]
[EventDate "2023.08.08"]
[EventType "swiss (blitz)"]
[EventRounds "11"]
[EventCountry "USA"]
[SourceTitle "EXT 2024"]
[Source "ChessBase"]
[SourceDate "2023.10.10"]
[SourceVersion "1"]
[SourceVersionDate "2023.10.10"]
[SourceQuality "1"]

1. e4 c5 2. Nf3 e6 3. c3 Nf6 4. e5 Nd5 5. d4 cxd4 6. cxd4 d6 7. Bd3 Be7 8. 0-0 0-0 9. Nbd2 Nc6 10. Nc4 h6 11. Bb1 dxe5 12. dxe5 Ndb4 13. Qe2 h5 14. Rd1 Qc7 15. a3 Nd5 16. Bg5 Bd7 17. Bxe7 Ncxe7 18. Ng5 g6 19. Ne4 Kg7 20. b3 Bb5 21. a4 Bxc4 22. bxc4 Nf4 23. Qb2 h4 24. Nd6 Nc6 25. Be4 Rab8 26. Rac1 Rfd8 27. g3 hxg3 28. fxg3 Nh3+ 29. Kh1 Ng5 30. Bg2 Rd7 31. c5 Nd8 32. h4 Nh7 33. Qf2 Qa5 34. Qf4 Nf8 35. Ne8+ Kg8 36. Rxd7 Nxd7 37. Nf6+ Nxf6 38. exf6 Kh7 39. Qxb8 Qd2 40. Qf4 Qd7 41. Bf3 Nc6 42. Rd1 Qc8 43. Bxc6 e5 44. Qf3 bxc6 45. Kg2 Qa6 46. Rd6 Qxa4 47. Rd7 Kg8 48. Qf2 Qe4+ 49. Qf3 Qc2+ 50. Qf2 Qe4+ 51. Kf1 Qb1+ 52. Ke2 Qe4+ 53. Kd2 Qb4+ 54. Kc1 Qc3+ 55. Qc2 Qe1+ 56. Rd1 Qe3+ 57. Rd2 Qa3+ 58. Kd1 Qf3+ 59. Kc1 Qa3+ 60. Kb1 Qb4+ 61. Ka2 Qa5+ 62. Kb3 Qb5+ 63. Ka3 Qa5+ 64. Kb2 Qb4+ 65. Kc1 Qa3+ 1/2-1/2

[Event "Titled Tuesday intern op 08th Aug Late"]
[Site "Chess.com INT"]
[Date "2023.08.08"]
[Round "3"]
[White "Pinto, Daniel"]
[Black "Vlassov, Nikolai"]
[Result "1-0"]
[WhiteElo "2274"]
[BlackElo "2283"]
[PlyCount "129"]
[EventDate "2023.08.08"]
[EventType "swiss (blitz)"]
[EventRounds "11"]
[EventCountry "USA"]
[SourceTitle "EXT 2024"]
[Source "ChessBase"]
[SourceDate "2023.10.10"]
[SourceVersion "1"]
[SourceVersionDate "2023.10.10"]
[SourceQuality "1"]

1. e4 Nc6 2. Nf3 d5 3. Nc3 d4 4. Ne2 e5 5. d3 Bg4 6. Ng3 Bb4+ 7. Bd2 Bxf3 8. Qxf3 Bxd2+ 9. Kxd2 Qg5+ 10. Kd1 Nge7 11. h4 Qh6 12. Qg4 g6 13. h5 Qg7 14. Be2 Qf6 15. Rf1 Qf4 16. c3 0-0 17. Kc2 Qxg4 18. Bxg4 f5 19. exf5 gxf5 20. Be2 Rad8 21. Rh1 Nd5 22. Bf3 Nf4 23. Rad1 Rd6 24. a3 dxc3 25. bxc3 Nxd3 26. Rxd3 Rxd3 27. Kxd3 e4+ 28. Nxe4 fxe4+ 29. Bxe4 Rxf2 30. Ke3 Rf6 31. Rd1 Ne5 32. Rd5 Ng4+ 33. Kd4 h6 34. Rd8+ Kg7 35. Rd7+ Rf7 36. Rxf7+ Kxf7 37. Bxb7 Nf6 38. Bf3 Ke6 39. Kc5 Kd7 40. a4 Ng8 41. Kd5 Ne7+ 42. Ke5 Ng8 43. g4 a5 44. Kf5 Kd6 45. g5 Ne7+ 46. Kf6 hxg5 47. Kxg5 Ng8 48. h6 Nxh6 49. Kxh6 Kc5 50. Be2 Kd5 51. Bd3 Ke5 52. Kg5 c6 53. Kg4 Kd5 54. Kf3 Ke5 55. Ke3 Kd5 56. Be2 Kc5 57. Kd3 Kd5 58. Bf3+ Kc5 59. Be4 Kd6 60. Kc4 Ke5 61. Bxc6 Kd6 62. Bg2 Kc7 63. Kb5 Kb8 64. Kxa5 Ka7 65. Kb5 1-0

[Event "Titled Tuesday intern op 01st Aug Early"]
[Site "Chess.com INT"]
[Date "2023.08.01"]
[Round "1"]
[White "Pinto, Daniel"]
[Black "Preotu, Razvan"]
[Result "0-1"]
[WhiteElo "2274"]
[BlackElo "2475"]
[PlyCount "92"]
[EventDate "2023.08.01"]
[EventType "swiss (blitz)"]
[EventRounds "11"]
[EventCountry "USA"]
[SourceTitle "EXT 2024"]
[Source "ChessBase"]
[SourceDate "2023.10.10"]
[SourceVersion "1"]
[SourceVersionDate "2023.10.10"]
[SourceQuality "1"]

1. e4 c5 2. Nf3 d6 3. c3 Nf6 4. Be2 g6 5. 0-0 Bg7 6. Bb5+ Nc6 7. d4 0-0 8. Bxc6 bxc6 9. dxc5 Nxe4 10. cxd6 exd6 11. Re1 d5 12. Nbd2 Ba6 13. Qa4 Nc5 14. Qc2 Nd3 15. Rd1 Qb6 16. Nb3 Nxc1 17. Raxc1 Rab8 18. Rb1 Bc8 19. Qd2 Bf5 20. Rbc1 a5 21. Nbd4 Bg4 22. b3 c5 23. Ne2 Bxf3 24. gxf3 Rbd8 25. Qf4 Rfe8 26. Rc2 Qe6 27. Rcd2 h5 28. Qg5 Kh7 29. Nf4 Qc6 30. Nxd5 Rd6 31. f4 Rde6 32. c4 Bh6 33. Qg3 Re1+ 34. Kg2 R1e4 35. Qf3 Qc8 36. Rd3 Kg7 37. Re3 Qf5 38. Rxe4 Rxe4 39. Qc3+ f6 40. Qg3 Bxf4 41. Nxf4 Rxf4 42. Rd7+ Kh6 43. Qe3 h4 44. Rd5 Qg4+ 45. Kf1 g5 46. Ke1 Re4 0-1

[Event "Titled Tuesday intern op 01st Aug Early"]
[Site "Chess.com INT"]
[Date "2023.08.01"]
[Round "2"]
[White "Preobrazhenskaya, Diana"]
[Black "Pinto, Daniel"]
[Result "1-0"]
[WhiteElo "2056"]
[BlackElo "2274"]
[PlyCount "73"]
[EventDate "2023.08.01"]
[EventType "swiss (blitz)"]
[EventRounds "11"]
[EventCountry "USA"]
[SourceTitle "EXT 2024"]
[Source "ChessBase"]
[SourceDate "2023.10.10"]
[SourceVersion "1"]
[SourceVersionDate "2023.10.10"]
[SourceQuality "1"]

1. e4 e5 2. Nf3 Nc6 3. Bb5 Nf6 4. d3 d6 5. 0-0 Be7 6. c3 0-0 7. Re1 a6 8. Ba4 b5 9. Bc2 Re8 10. Nbd2 h6 11. Nf1 Be6 12. Ng3 Bf8 13. d4 exd4 14. cxd4 Bg4 15. Be3 Na5 16. h3 Bc8 17. Qd3 g6 18. b3 Bb7 19. Qd2 c5 20. Bxh6 cxd4 21. Nxd4 Be7 22. Ngf5 Nh7 23. Nxe7+ Rxe7 24. Re3 Nc6 25. Nf5 Re6 26. Rg3 Qf6 27. Bg7 Qd8 28. Bb2 Ne5 29. f4 Nd7 30. Nh6+ Kf8 31. f5 Rxe4 32. Bxe4 Bxe4 33. Qxd6+ Qe7 34. Qxe7+ Kxe7 35. Re1 Nhf6 36. fxg6 fxg6 37. Rxg6 1-0

[Event "Titled Tuesday intern op 27th Jun Late"]
[Site "Chess.com INT"]
[Date "2023.06.27"]
[Round "10"]
[White "Perez Torres, Nabi Isaias"]
[Black "Pinto, Daniel"]
[Result "1-0"]
[WhiteElo "2015"]
[BlackElo "2274"]
[PlyCount "63"]
[EventDate "2023.06.27"]
[EventType "swiss (blitz)"]
[EventRounds "11"]
[EventCountry "USA"]
[SourceTitle "EXT 2024"]
[Source "ChessBase"]
[SourceDate "2023.10.10"]
[SourceVersion "1"]
[SourceVersionDate "2023.10.10"]
[SourceQuality "1"]

1. d4 Nf6 2. c4 c5 3. d5 d6 4. Nc3 g6 5. Nf3 Bg7 6. Bf4 0-0 7. h3 Na6 8. e3 Nc7 9. Be2 Rb8 10. 0-0 a6 11. a4 b6 12. Nd2 e5 13. dxe6 fxe6 14. Nf3 e5 15. Bg5 h6 16. Bh4 g5 17. Bg3 Be6 18. Nd2 Qe7 19. Nde4 Nxe4 20. Nxe4 Rfd8 21. Qc2 b5 22. axb5 axb5 23. Ra7 bxc4 24. Nc3 d5 25. e4 d4 26. Nd5 Bxd5 27. exd5 Qd6 28. Bxc4 Rb4 29. Rxc7 Qxc7 30. d6+ Rxc4 31. dxc7 Rxc2 32. cxd8Q+ 1-0

[Event "Titled Tuesday intern op 27th Jun Late"]
[Site "Chess.com INT"]
[Date "2023.06.27"]
[Round "6"]
[White "Pinto, Daniel"]
[Black "Janaszak, Dawid"]
[Result "0-1"]
[WhiteElo "2274"]
[BlackElo "2316"]
[PlyCount "72"]
[EventDate "2023.06.27"]
[EventType "swiss (blitz)"]
[EventRounds "11"]
[EventCountry "USA"]
[SourceTitle "EXT 2024"]
[Source "ChessBase"]
[SourceDate "2023.10.10"]
[SourceVersion "1"]
[SourceVersionDate "2023.10.10"]
[SourceQuality "1"]

1. e4 c5 2. Nf3 Nc6 3. Bb5 e5 4. 0-0 Nge7 5. a4 g6 6. Nc3 Bg7 7. Bc4 0-0 8. Ng5 h6 9. Nxf7 Rxf7 10. Bxf7+ Kxf7 11. f4 exf4 12. Rxf4+ Kg8 13. d3 d5 14. Bd2 g5 15. Rf1 Be6 16. exd5 Nxd5 17. Ne4 Nf6 18. Nxf6+ Bxf6 19. Bc3 Bd4+ 20. Kh1 Qd5 21. Qh5 Kg7 22. Rae1 Bf7 23. Qg4 Rf8 24. h4 h5 25. Qxg5+ Qxg5 26. hxg5 Bd5 27. Rxf8 Kxf8 28. Bxd4 cxd4 29. c3 Kf7 30. Kh2 Kg6 31. cxd4 Kxg5 32. b4 Bb3 33. b5 Nxd4 34. Re4 Nf5 35. Rb4 Bc2 36. d4 Be4 0-1